000 00305nam a2200109Ia 4500
008 171211s9999 xx 000 0 und d
245 _aSex Tips for Straight Women from a Gay Man
245 _cDan Anderson
260 _c2003
650 _xSexuality
856 _uhttp://down.ebook777.com/060/0060392320.pdf
999 _c350672
_d350672